书目信息 |
| 题名: |
氧化铁纳米材料及其应用概述
|
|
| 作者: | 党丽赟 著 | |
| 分册: | ||
| 出版信息: | 北京 中国原子能出版社 2019 |
|
| 页数: | 202页 | |
| 开本: | 24cm | |
| 丛书名: | ||
| 单 册: | ||
| 中图分类: | O614.81 | |
| 科图分类: | ||
| 主题词: | 纳米材料--na mi cai liao--氧化铁--研究 | |
| 电子资源: | ||
| ISBN: | 978-7-5022-9505-9 | |
| 000 | 01027nam0 2200253 450 | |
| 001 | 012001001488 | |
| 005 | 20140108113811.0 | |
| 010 | @a978-7-5022-9505-9@dCNY56.00 | |
| 099 | @aCAL 012019054908 | |
| 100 | @a20190313d2019 em y0chiy50 ea | |
| 101 | 0 | @achi |
| 102 | @aCN@b110000 | |
| 105 | @aak a 000yy | |
| 106 | @ar | |
| 200 | 1 | @a氧化铁纳米材料及其应用概述@Ayang hua tie na mi cai liao ji qi ying yong gai shu@f党丽赟著 |
| 210 | @a北京@c中国原子能出版社@d2019 | |
| 215 | @a202页@c图@d24cm | |
| 320 | @a有书目 | |
| 330 | @a本书系统介绍了氧化铁纳米材料的制备方法及表征手段, 详述了氧化铁纳米材料研究的国内外研究进展及其在建筑材料领域、生物医学领域、光电催化领域及能源领域等方面的应用。结构决定性质, 性质决定应用, 纳米材料灵活多变的微观结构赋予其多功能应用领域。本书结构合理, 条理清晰, 内容新颖, 是一本值得学习研究的著作。 | |
| 606 | 0 | @a纳米材料@Ana mi cai liao@x氧化铁@x研究 |
| 690 | @aO614.81@v5 | |
| 701 | 0 | @a党丽赟@Adang li bin@4著 |
| 801 | 0 | @aCN@b北京卓展@c20191020 |
| 905 | @b1201994-8@dO614.81@e23@f5 | |
| 氧化铁纳米材料及其应用概述/党丽赟著.-北京:中国原子能出版社,2019 |
| 202页:图;24cm |
| ISBN 978-7-5022-9505-9:CNY56.00 |
| 本书系统介绍了氧化铁纳米材料的制备方法及表征手段, 详述了氧化铁纳米材料研究的国内外研究进展及其在建筑材料领域、生物医学领域、光电催化领域及能源领域等方面的应用。结构决定性质, 性质决定应用, 纳米材料灵活多变的微观结构赋予其多功能应用领域。本书结构合理, 条理清晰, 内容新颖, 是一本值得学习研究的著作。 |
| ● |
| 相关链接 |
|
|
|
|
正题名:氧化铁纳米材料及其应用概述
索取号:O614.81/23
 
预约/预借
| 序号 | 登录号 | 条形码 | 馆藏地/架位号 | 状态 | 备注 |
| 1 | 1201994 | 212019947 | 第二样本阅览室/ [索取号:O614.81/23] | 在馆 | |
| 2 | 1201995 | 212019956 | 第三借阅区/ [索取号:O614.81/23] | 在馆 | |
| 3 | 1201996 | 212019965 | 第三借阅区/ [索取号:O614.81/23] | 在馆 | |
| 4 | 1201997 | 212019974 | 第三借阅区/ [索取号:O614.81/23] | 在馆 | |
| 5 | 1201998 | 212019983 | 第三借阅区/ [索取号:O614.81/23] | 在馆 |